| 000 | 00588nam a22002057a 4500 | ||
|---|---|---|---|
| 999 |
_c11447 _d11447 |
||
| 003 | AR-CdUCM | ||
| 008 | 190404b ||||| |||| 00| 0 spa d | ||
| 040 |
_aMUNICIPALIDAD PROVINCIAL DEL CUSCO _cBIBLIOTECA MUNICIPAL DEL CUSCO |
||
| 082 |
_aC / 869.58 / _bN56M |
||
| 100 |
_aNieto Luis _911864 |
||
| 245 |
_aMariategui : _bPoemas / |
||
| 260 |
_aCusco : _bGrupo Pukara, _c1942. |
||
| 300 |
_a30 páginas ; _c16 cm. |
||
| 505 | _aContenido: Poemas. | ||
| 650 |
_aLiteratura _983 |
||
| 650 |
_aPoemas Cusqueños _917375 |
||
| 650 |
_aSiglo XX _98 |
||
| 942 |
_2ddc _cLIBROS |
||
| 945 | _aachl | ||